Statistics for Oscar for Best Visual Effects

Click here to take the quiz!

General Stats

  • This quiz has been taken 223 times
    (21 since last reset)
  • The average score is 54 of 86

Answer Stats

Year
Best Visual Effects Winner
% Correct
20191917
90%
2009Avatar
90%
2022Avatar: The Way of Water
90%
2013Gravity
90%
2010Inception
90%
2014Interstellar
90%
2016The Jungle Book
90%
19682001: A Space Odyssey
80%
2017Blade Runner: 2049
80%
2021Dune
80%
2015Ex Machina
80%
1994Forrest Gump
80%
2011Hugo
80%
1993Jurassic Park
80%
1975King Kong
80%
2005King Kong
80%
2012Life of Pi
80%
1977Star Wars
80%
2020Tenet
80%
1999The Matrix
80%
1997Titanic
80%
1979Alien
70%
1959Ben-Hur
70%
1982E.T.: The Extra-Terrestrial
70%
2018First Man
70%
2000Gladiator
70%
2023Godzilla Minus One
70%
1981Raiders of the Lost Ark
70%
1983Return of the Jedi
70%
2004Spider-Man 2
70%
1991Terminator 2: Judgment Day
70%
2008The Curious Case of Benjamin Button
70%
1980The Empire Strikes Back
70%
2001The Lord of the Rings: The Fellowship of the Ring
70%
2003The Lord of the Rings: The Return of the King
70%
2002The Lord of the Rings: The Two Towers
70%
1986Aliens
60%
1963Cleopatra
60%
1996Independence Day
60%
1984Indiana Jones and the Temple of Doom
60%
1976Logan's Run
60%
1964Mary Poppins
60%
2006Pirates of the Caribbean: Dead Man's Chest
60%
1989The Abyss
60%
1956The Ten Commandments
60%
1953War of the Worlds
60%
1988Who Framed Roger Rabbit
60%
195420,000 Leagues Under the Sea
50%
1995Babe
50%
1971Bedknobs and Broomsticks
50%
1946Blithe Spirit
50%
1985Cocoon
50%
1943Crash Dive
50%
1992Death Becomes Her
50%
1950Destination Moon
50%
1967Doctor Dolittle
50%
1974Earthquake
50%
1966Fantastic Voyage
50%
1947Green Dolphin Street
50%
1987Innerspace
50%
1941I Wanted Wings
50%
1969Marooned
50%
1949Mighty Joe Young
50%
1952Plymouth Adventure
50%
1948Portrait of Jennie
50%
1942Reap the Wild Winds
50%
1938Spawn of the North
50%
1978Superman
50%
1955The Bridges at Toko-ri
50%
1957The Enemy Below
50%
2007The Golden Compass
50%
1961The Guns of Navarone
50%
1975The Hindenburg
50%
1972The Poseidon Adventure
50%
1939The Rains Came
50%
1940The Thief of Bagdad
50%
1960The Time Machine
50%
1944Thirty Seconds over Tokyo
50%
1965Thunderball
50%
1958Tom Thumb
50%
1970Tora! Tora! Tora
50%
1990Total Recall
50%
1998What Dreams May Come
50%
1945Wonder Man
50%
1962The Longest Day
40%
1951When Worlds Collide
40%

Score Distribution

Percentile by Number Answered

Percent of People with Each Score

Your Score History

You have not taken this quiz since the last reset